Match the Song to the Album (2000s) - Statistics

General Stats
  • This quiz has been taken 85 times
  • The average score is 13 of 25
Answer Stats
Hint Answer % Correct
"Boulevard of Broken Dreams" American Idiot
83%
"Stan" The Marshall Mathers LP
83%
"Lose Yourself" 8 Mile
79%
"Take Me Out" Franz Ferdinand
79%
"Rehab" Back to Black
74%
"Poker Face" The Fame
65%
"In the End" Hybrid Theory
62%
"Hey Ya!" Speakerboxxx/The Love Below
61%
"Mr. Brightside" Hot Fuss
58%
"Yellow" Parachutes
56%
"Ms. Jackson" Stankonia
53%
"Gold Digger" Late Registration
47%
"Seven Nation Army" Elephant
42%
"Clocks" A Rush of Blood to the Head
41%
"Last Nite" Is This It
41%
"Idioteque" Kid A
39%
"99 Problems" The Black Album
39%
"I Bet You Look Good on the Dancefloor" Whatever People Say I Am, That's What I'm Not
39%
"No One Knows" Songs for the Deaf
38%
"Hurt" American IV: The Man Comes Around
35%
"Beautiful Day" All That You Can't Leave Behind
33%
"One More Time" Discovery
33%
"Float On" Good News for People Who Love Bad News
24%
"Maps" Fever to Tell
23%
"Crazy" St. Elsewhere
21%
No matching quizzes found
Score Distribution
Percent of People with Each Score
Percentile by Number Answered
Your Score History
You have not taken this quiz